Проповеди на разни случаи (Запис номер 420327)
[ съкратено ]
| 000 -Лидер | |
|---|---|
| Контролно поле с фиксирана дължина | 01364nmm a2200277 a 4500 |
| 003 - Код на организацията, давaща контролен номер | |
| Контролно поле | BLK |
| 005 - Дата и час на последна редакция | |
| Контролно поле | 20240311110918.0 |
| 008 - Елементи от данни с фиксирана дължина | |
| fixed length control field | 210617b bu |||||||||| 00| 0 bu d |
| 040 ## - Източник на каталожния запис | |
| Идентификатор на билиотеката - собственик на записа | BLK |
| 041 ## - Код за език | |
| Код за езика на текст/звукозапис или на отделно заглавие | Български |
| Код за езика КДБФ | Български |
| 080 ## - УДК | |
| Текстов определител УДК | Проповеди |
| УДК код - определител по УДК | 27-475 |
| УДК - код + определител | 27-475 |
| 100 ## - Редна дума - Автор | |
| Автор | Неофит, митрополит Видински |
| Дати, свързани с автора | 1868-1971 |
| Пълна форма на името | Караабов, Николай Митев |
| R(LIN) | 389178 |
| 139 ## - Редно поле | |
| Редна дума | Неофит, митрополит Видински |
| Авторски знак | Нео - Н 57 |
| 245 ## - Сведения за заглавието | |
| Заглавие | Проповеди на разни случаи |
| Редно поле (дума) | митрополит Неофит Видински |
| 260 ## - Област на издателските данни | |
| 9 (RLIN) | 219492 |
| Място на издаване, разпространение и проч. | София |
| Име на издателя, разпространителя и проч. | Изд. авт. |
| Година на издаване | 1925 |
| Издателство - префикс ISBN | 978-619-90615- ; 978-619-188- ; 978-954-799- |
| 300 ## - Физическа характеристика | |
| Страници | 254, II с. |
| Размери/Мащаб | 25 см |
| 380 ## - Жанр | |
| Жанр | Религия. Теология |
| 490 ## - СЕРИИ (Колекции) | |
| 9 (RLIN) | 410374 |
| Име на серия | Писмените съкровища на Долен Дунав |
| 490 ## - СЕРИИ (Колекции) | |
| 9 (RLIN) | 415800 |
| Име на серия | Библиотека при Русенска митрополия |
| 500 ## - Общи забележки | |
| Забележка | Книгата е от библиотеката при Русенската митрополия по проект "Писмените съкровища на Долен Дунав" |
| 650 #0 - Допълнително описание по предмет – тема | |
| Основно описание – тема или топоним | Православие - проповеди |
| 9 (RLIN) | 417118 |
| 653 #0 - Ключова дума – ненормативна | |
| 9 (RLIN) | 458171 |
| Ключова дума | православни проповеди |
| 852 ## - Местоположение | |
| Систематично-азбучна сигнатура | 27-4/Н 57 |
| 999 ## - СИСТЕМНИ КОНТРОЛНИ НОМЕРА | |
| Koha biblionumber | 420327 |
| Koha biblioitemnumber | 420327 |
| 942 ## - АРТИКУЛИ | |
| Вид на библиотечния материал | Електронен екземпляр |
| Скрит в OPAC | Не |
| Периодичен библиозапис | Да |
| 944 ## - СЪЗДАВАНЕ И РЕДАКЦИЯ на ЗАПИСА | |
| Създаване/Редакция | Създаване |
| Дата на регистрацията/редакция | 2021-06-17 |
| Служител, извършил регистрацията/редакцията | 30560 |
| Статус, дата на статуса | Геновева Генчева |
Няма налични копия.